[Event "Dimitrovgrad Caribrod op"]
[Site "Dimitrovgrad"]
[Date "2024.03.30"]
[Round "4"]
[White "Mihov, Filip"]
[Black "Bozic, Milan"]
[Result "1-0"]
[WhiteElo "2238"]
[BlackElo "2117"]
[PlyCount "173"]
[EventDate "2024.03.29"]
[EventType "swiss"]
[EventRounds "7"]
[EventCountry "SRB"]
[SourceTitle "CB16_2024"]
[SourceDate "2024.04.17"]
[SourceVersion "1"]
[SourceVersionDate "2024.04.17"]
[SourceQuality "1"]

1. d4 d6 2. Nf3 g6 3. c4 Bg7 4. Nc3 Nf6 5. e4 0-0 6. Be2 c6 7. 0-0 Bg4 8. Be3 Nbd7 9. Nd2 Bxe2 10. Qxe2 e5 11. d5 Ne8 12. dxc6 bxc6 13. Rfd1 Qb8 14. b3 Bf6 15. Qg4 Qc8 16. Nf3 Be7 17. Nh4 Nef6 18. Qf3 Nh5 19. Nf5 gxf5 20. Qxh5 f4 21. Bc1 Nf6 22. Qf3 Rd8 23. Ba3 Kf8 24. Rd3 Qa6 25. Na4 d5 26. Bxe7+ Kxe7 27. exd5 cxd5 28. Re1 dxc4 29. Rxd8 Rxd8 30. Rxe5+ Kf8 31. h3 Rd4 32. Rc5 cxb3 33. axb3 Qd6 34. Rc6 Qe5 35. Rc1 Kg7 36. Nc5 a5 37. Qc3 Rd1+ 38. Kh2 Qxc3 39. Rxc3 Rd2 40. Rf3 Nd5 41. Nd3 Nc7 42. Nxf4 Nb5 43. Nh5+ Kf8 44. Rf5 Nd4 45. Rxa5 Rxf2 46. Ra8+ Ke7 47. Rh8 Rb2 48. Rxh7 Nxb3 49. Rg7 Nd4 50. Rg4 Ne6 51. Re4 Kf8 52. h4 Nc5 53. Rc4 Nd3 54. Rc8+ Ke7 55. Rc3 Rd2 56. Kg3 Kf8 57. Ra3 Nc5 58. Nf4 Rb2 59. Kg4 Rb4 60. Kg3 Ne4+ 61. Kf3 Nd2+ 62. Kg4 Nc4 63. Rc3 Kg7 64. g3 Nd6 65. Kh3 Ne4 66. Re3 Nf2+ 67. Kg2 Ng4 68. Ra3 Rb2+ 69. Kf3 Ne5+ 70. Ke4 Nc4 71. Ra6 Rb6 72. Rxb6 Nxb6 73. g4 Nc4 74. Nh5+ Kg6 75. Nf4+ Kg7 76. Nd5 Nd6+ 77. Kf4 Nb7 78. g5 Nd8 79. h5 Ne6+ 80. Kf5 Nd4+ 81. Kg4 Nc6 82. h6+ Kf8 83. Kf5 Kg8 84. Kf6 Nd8 85. Ne7+ Kh8 86. Nf5 Ne6 87. Nd6 1-0

[Event "FRM-chT 31st"]
[Site "Ohrid"]
[Date "2023.08.28"]
[Round "3.5"]
[White "Mihov, Filip"]
[Black "Nikoloski, Kire"]
[Result "0-1"]
[WhiteElo "2275"]
[BlackElo "2176"]
[PlyCount "104"]
[EventDate "2023.08.26"]
[EventType "team-tourn"]
[EventRounds "7"]
[EventCountry "MKD"]
[SourceTitle "EXT 2024"]
[Source "ChessBase"]
[SourceDate "2023.10.10"]
[SourceVersion "1"]
[SourceVersionDate "2023.10.10"]
[SourceQuality "1"]
[WhiteTeam "Skopje Alkaloid"]
[BlackTeam "Prilep"]
[WhiteTeamCountry "MKD"]
[BlackTeamCountry "MKD"]

1. d4 e6 2. c4 d5 3. Nc3 f5 4. Bf4 c6 5. e3 Bd6 6. Nf3 Nf6 7. Bd3 0-0 8. 0-0 Ne4 9. Bxd6 Nxd6 10. b3 Nd7 11. Qe2 Qe7 12. Rad1 Kh8 13. Ne5 Nf7 14. Nxf7+ Rxf7 15. f3 Nf6 16. e4 fxe4 17. fxe4 e5 18. exd5 Bg4 19. Qxe5 Bxd1 20. Qxe7 Rxe7 21. Rxd1 cxd5 22. Nxd5 Nxd5 23. cxd5 Rd8 24. Bc4 Re4 25. a4 g6 26. g3 Rd6 27. Kg2 Kg7 28. Kf3 Re7 29. Rd2 Rf6+ 30. Kg2 Rd6 31. Kf3 Kf8 32. Rc2 a6 33. Rd2 Ke8 34. Kf2 Kd7 35. Rc2 Rf6+ 36. Kg2 Kd6 37. Rd2 Re3 38. Ra2 Re4 39. Rd2 Re1 40. Be2 Rf7 41. Bc4 Re3 42. Ra2 Rf6 43. Rd2 Kc7 44. a5 Kd6 45. Ra2 h5 46. Ra1 g5 47. Ra2 h4 48. gxh4 gxh4 49. Re2 h3+ 50. Kg1 Rxe2 51. Bxe2 Kxd5 52. Bf1 Rf3 0-1

[Event "Arandjelovac op 2nd"]
[Site "Arandjelovac"]
[Date "2023.08.03"]
[Round "5"]
[White "Mihov, Filip"]
[Black "Daakshin, Arun"]
[Result "0-1"]
[WhiteElo "2286"]
[BlackElo "2174"]
[PlyCount "78"]
[EventDate "2023.07.31"]
[EventType "swiss"]
[EventRounds "9"]
[EventCountry "SRB"]
[SourceTitle "CBM 215 Extra"]
[Source "ChessBase"]
[SourceDate "2023.09.30"]
[SourceVersion "1"]
[SourceVersionDate "2023.09.30"]
[SourceQuality "1"]

1. d4 Nf6 2. Nf3 g6 3. Nbd2 Bg7 4. e4 d6 5. Bd3 0-0 6. 0-0 Nbd7 7. c3 a6 8. a4 a5 9. Nc4 d5 10. exd5 Nxd5 11. Re1 c5 12. Be4 N5f6 13. Bc2 cxd4 14. Nxd4 Qc7 15. Na3 Re8 16. Nab5 Qb8 17. h3 Nc5 18. Qf3 e5 19. Bg5 Ra6 20. b4 axb4 21. cxb4 Ncd7 22. Bb3 Rf8 23. Nc2 Rc6 24. Rad1 h6 25. Bh4 Kh7 26. Nca3 e4 27. Qe3 Ne5 28. Bg3 Nh5 29. Bxe5 Bxe5 30. Qxe4 Re8 31. Qf3 Rf6 32. Qd5 Bh2+ 33. Kh1 Rxe1+ 34. Rxe1 Rxf2 35. Nc4 Bxh3 36. Ncd6 Bxg2+ 37. Qxg2 Rxg2 38. Re8 Rf2 39. Rxb8 Ng3# 0-1

[Event "FRM-ch op"]
[Site "Skopje"]
[Date "2023.05.09"]
[Round "7"]
[White "Lazov, Toni"]
[Black "Mihov, Filip"]
[Result "0-1"]
[WhiteElo "2356"]
[BlackElo "2269"]
[PlyCount "110"]
[EventDate "2023.05.04"]
[EventType "swiss"]
[EventRounds "9"]
[EventCountry "MKD"]
[SourceTitle "CBM 214 Extra"]
[Source "ChessBase"]
[SourceDate "2023.07.31"]
[SourceVersion "1"]
[SourceVersionDate "2023.07.31"]
[SourceQuality "1"]

1. e4 e6 2. d4 d5 3. Nd2 Be7 4. Ngf3 Nf6 5. e5 Nfd7 6. Bd3 c5 7. c3 Nc6 8. 0-0 g5 9. dxc5 g4 10. Nd4 Ndxe5 11. Bb5 Bd7 12. f4 Nxd4 13. Bxd7+ Qxd7 14. cxd4 Nc6 15. Qxg4 Bf6 16. Nf3 h5 17. Qg3 Nxd4 18. Kh1 Nf5 19. Qf2 h4 20. Rd1 0-0-0 21. Bd2 Rdg8 22. c6 bxc6 23. Rac1 Kb7 24. Bc3 Bxc3 25. Rxc3 Ng3+ 26. Kg1 Ne4 27. Rb3+ Ka8 28. Qe2 Qc7 29. Ne5 f6 30. Nd3 Rg7 31. Rc1 Rhg8 32. Ne1 Qxf4 33. Rxc6 Rc7 34. Rxe6 h3 35. Rxh3 Qf5 36. Rxe4 dxe4 37. Re3 Qc5 38. g3 f5 39. Qf2 Rd8 40. h4 Rd1 41. Kg2 Qd5 42. Re2 Rcc1 43. Kh3 Qa5 44. b4 Qxb4 45. Qxf5 Rxe1 46. Rxe1 Qxe1 47. Qd5+ Kb8 48. Qd6+ Rc7 49. Qd8+ Kb7 50. Qd5+ Kb6 51. Qd6+ Rc6 52. Qd4+ Rc5 53. Qd8+ Kb5 54. Qd7+ Kc4 55. Qa4+ Kd3 0-1

[Event "FRM-ch op"]
[Site "Skopje"]
[Date "2023.05.06"]
[Round "3"]
[White "Eftovski, Mateo"]
[Black "Mihov, Filip"]
[Result "0-1"]
[WhiteElo "1972"]
[BlackElo "2269"]
[PlyCount "88"]
[EventDate "2023.05.04"]
[EventType "swiss"]
[EventRounds "9"]
[EventCountry "MKD"]
[SourceTitle "CBM 214 Extra"]
[Source "ChessBase"]
[SourceDate "2023.07.31"]
[SourceVersion "1"]
[SourceVersionDate "2023.07.31"]
[SourceQuality "1"]

1. d4 d5 2. c4 e6 3. Nc3 h6 4. Nf3 Nf6 5. Bf4 Bd6 6. Bxd6 Qxd6 7. e3 0-0 8. c5 Qe7 9. Be2 Nbd7 10. 0-0 c6 11. b4 e5 12. Re1 e4 13. Nd2 Nh7 14. Qb3 f5 15. b5 Kh8 16. a4 f4 17. bxc6 bxc6 18. Nxd5 cxd5 19. Qxd5 Rb8 20. Qxe4 Qd8 21. Qc2 Ndf6 22. Nf3 fxe3 23. fxe3 Ng4 24. Bd3 Ng5 25. Nh4 Rf2 26. Ng6+ Kg8 27. Qc3 Rbb2 28. Re2 Rbxe2 29. Bxe2 Rxg2+ 30. Kxg2 Qd5+ 31. e4 Qxe4+ 32. Kg3 Qxe2 33. Qb3+ Nf7 34. Ra2 Qe1+ 35. Kf3 Nf6 36. Ne5 Qe4+ 37. Kg3 Nh5+ 38. Kf2 Qxd4+ 39. Qe3 Qxe3+ 40. Kxe3 Nxe5 41. Kd4 Nc6+ 42. Kc3 Nf6 43. Re2 Kf7 44. Kc4 Ba6+ 0-1

[Event "FRM-ch op"]
[Site "Skopje"]
[Date "2023.05.05"]
[Round "2"]
[White "Mihov, Filip"]
[Black "Cvetkovski, Slobodan"]
[Result "1-0"]
[WhiteElo "2269"]
[BlackElo "1761"]
[PlyCount "113"]
[EventDate "2023.05.04"]
[EventType "swiss"]
[EventRounds "9"]
[EventCountry "MKD"]
[SourceTitle "CBM 214 Extra"]
[Source "ChessBase"]
[SourceDate "2023.07.31"]
[SourceVersion "1"]
[SourceVersionDate "2023.07.31"]
[SourceQuality "1"]

1. d4 d5 2. c4 e6 3. Nf3 Nf6 4. g3 Be7 5. Bg2 0-0 6. 0-0 c6 7. Qc2 Nbd7 8. Rd1 Ne4 9. b3 f5 10. Nc3 Bb4 11. Na4 Bd6 12. Nb2 Qe7 13. Nd3 Nef6 14. Bf4 Nh5 15. Bxd6 Qxd6 16. e3 Nhf6 17. b4 dxc4 18. Qxc4 Nb6 19. Qb3 Qd5 20. Qc2 Qc4 21. Qb2 Qb5 22. Nfe5 a5 23. a3 axb4 24. axb4 Rxa1 25. Rxa1 Nc4 26. Nxc4 Qxc4 27. Bf1 Qd5 28. Ra5 Qd8 29. Qa2 Nd5 30. Ra7 Qb6 31. Qa5 Qxa5 32. bxa5 Rf7 33. Ra8 Rc7 34. Nc5 Kf7 35. Bc4 Ke7 36. Bxd5 cxd5 37. h4 Kd6 38. Kg2 g6 39. Kf3 Ke7 40. Kf4 Kf6 41. Ra7 Re7 42. Kf3 h6 43. Ke2 Kf7 44. Kd3 Ke8 45. Ra8 Kd8 46. Na4 Rc7 47. Nb6 Rc6 48. f3 g5 49. hxg5 hxg5 50. e4 dxe4+ 51. fxe4 Rc1 52. Kd2 Rc6 53. d5 exd5 54. exd5 Rc5 55. d6 Rc6 56. d7 Rd6+ 57. Ke1 1-0

[Event "FRM-ch op"]
[Site "Skopje"]
[Date "2023.05.04"]
[Round "1"]
[White "Zhezhovski, Marjan"]
[Black "Mihov, Filip"]
[Result "0-1"]
[WhiteElo "1427"]
[BlackElo "2269"]
[PlyCount "56"]
[EventDate "2023.05.04"]
[EventType "swiss"]
[EventRounds "9"]
[EventCountry "MKD"]
[SourceTitle "CBM 214 Extra"]
[Source "ChessBase"]
[SourceDate "2023.07.31"]
[SourceVersion "1"]
[SourceVersionDate "2023.07.31"]
[SourceQuality "1"]

1. e4 e6 2. Nf3 c5 3. Nc3 Nc6 4. Bb5 Nge7 5. 0-0 a6 6. Be2 b5 7. a3 Bb7 8. d3 d5 9. exd5 Nxd5 10. Ne4 Be7 11. Bd2 0-0 12. Re1 Rc8 13. Rc1 Nd4 14. c3 Nxf3+ 15. Bxf3 Qd7 16. Qe2 Rfd8 17. Rcd1 h6 18. g3 f5 19. Nxc5 Bxc5 20. Qxe6+ Qxe6 21. Rxe6 Nxc3 22. Bxb7 Nxd1 23. Bxc8 Rxc8 24. Rxa6 Nxf2 25. Kg2 Nxd3 26. Bc3 b4 27. axb4 Bxb4 28. Bxb4 Nxb4 0-1

[Event "Skopje op"]
[Site "Skopje"]
[Date "2022.10.24"]
[Round "5"]
[White "Hari, Charan Sai Kalluri"]
[Black "Mihov, Filip"]
[Result "0-1"]
[WhiteElo "1981"]
[BlackElo "2260"]
[PlyCount "74"]
[EventDate "2022.10.21"]
[EventType "swiss"]
[EventRounds "9"]
[EventCountry "MKD"]
[SourceTitle "EXT 2024"]
[Source "ChessBase"]
[SourceDate "2023.10.10"]
[SourceVersion "1"]
[SourceVersionDate "2023.10.10"]
[SourceQuality "1"]

1. d4 f5 2. c4 Nf6 3. g3 g6 4. Nc3 Bg7 5. Nf3 0-0 6. Bg2 d6 7. 0-0 Qe8 8. Qb3 Kh8 9. Rd1 c6 10. h3 e5 11. dxe5 dxe5 12. Be3 Nbd7 13. Rd6 Nh5 14. Ng5 Ndf6 15. c5 Qe7 16. Ne6 Ne8 17. Nxf8 Nxd6 18. Nxg6+ hxg6 19. cxd6 Qxd6 20. Na4 e4 21. Rd1 Qe7 22. Bc5 Qe8 23. Rd6 b5 24. Nc3 Bf8 25. Rxc6 Qxc6 26. Bxf8 Be6 27. Qb4 a5 28. Qd4+ Kh7 29. Be7 b4 30. Nd1 Qd5 31. Qxd5 Bxd5 32. b3 Rc8 33. Ne3 Be6 34. Kh2 Kg7 35. f3 Rc3 36. Bg5 f4 37. g4 Rxe3 0-1

[Event "FRM-chT 30th"]
[Site "Struga"]
[Date "2022.10.19"]
[Round "6.6"]
[White "Miftari, Hedon"]
[Black "Mihov, Filip"]
[Result "1-0"]
[WhiteElo "1976"]
[BlackElo "2260"]
[PlyCount "79"]
[EventDate "2022.10.14"]
[EventType "team-tourn"]
[EventRounds "7"]
[EventCountry "MKD"]
[SourceTitle "CBM 210 Extra"]
[Source "ChessBase"]
[SourceDate "2022.11.30"]
[SourceVersion "1"]
[SourceVersionDate "2022.11.30"]
[SourceQuality "1"]
[WhiteTeam "Gostivar"]
[BlackTeam "Skopje Alkaloid"]
[WhiteTeamCountry "MKD"]
[BlackTeamCountry "MKD"]

1. e4 c6 2. d4 d5 3. Nc3 dxe4 4. Nxe4 Nf6 5. Nxf6+ exf6 6. Bc4 Bd6 7. Ne2 Qc7 8. Be3 0-0 9. Qd2 Re8 10. h3 Nd7 11. Bb3 Nf8 12. 0-0 Ng6 13. c4 Bxh3 14. gxh3 Qd7 15. Nf4 Bxf4 16. Bxf4 Re4 17. Bh2 Rxd4 18. Qc3 Rh4 19. Rad1 Qf5 20. Rd3 Re8 21. Rf3 Qh5 22. Bd1 Rhe4 23. Re3 Qg5+ 24. Rg3 Qc5 25. Rg4 f5 26. Rxe4 fxe4 27. b4 Qg5+ 28. Qg3 Qd2 29. a3 Ne5 30. c5 a5 31. Qe3 Qxe3 32. fxe3 Nd3 33. Bb3 Kh8 34. Rxf7 axb4 35. axb4 Ne1 36. Rxb7 Nf3+ 37. Kh1 h5 38. Rb8 Rxb8 39. Bxb8 Ne1 40. b5 1-0

[Event "FRM-chT 30th"]
[Site "Struga"]
[Date "2022.10.14"]
[Round "1.6"]
[White "Imeri, Nazmidin"]
[Black "Mihov, Filip"]
[Result "0-1"]
[WhiteElo "1867"]
[BlackElo "2260"]
[PlyCount "110"]
[EventDate "2022.10.14"]
[EventType "team-tourn"]
[EventRounds "7"]
[EventCountry "MKD"]
[SourceTitle "CBM 210 Extra"]
[Source "ChessBase"]
[SourceDate "2022.11.30"]
[SourceVersion "1"]
[SourceVersionDate "2022.11.30"]
[SourceQuality "1"]
[WhiteTeam "Shipkovica Anpasan"]
[BlackTeam "Skopje Alkaloid"]
[WhiteTeamCountry "MKD"]
[BlackTeamCountry "MKD"]

1. e4 c6 2. Bc4 d5 3. exd5 cxd5 4. Bb3 Nc6 5. d4 Bf5 6. Nf3 e6 7. Bf4 Nf6 8. 0-0 h6 9. c3 Be7 10. Bc2 Bxc2 11. Qxc2 0-0 12. Nbd2 b5 13. Ne5 Qb6 14. a3 Rfc8 15. Qd3 a5 16. Ndf3 Nd8 17. Qd2 b4 18. axb4 axb4 19. Rxa8 Rxa8 20. cxb4 Bxb4 21. Qc2 Bd6 22. Nd3 Bxf4 23. Nxf4 Nc6 24. Qc5 Qxc5 25. dxc5 e5 26. Nd3 e4 27. Nde5 Rc8 28. Nxc6 Rxc6 29. Nd4 Rxc5 30. b3 Rc3 31. Rd1 Kf8 32. Kf1 Ke7 33. h3 g6 34. b4 Rc4 35. b5 Kd6 36. f3 Kc5 37. Nb3+ Kxb5 38. fxe4 Rxe4 39. Nd4+ Kc5 40. Nf3 Nd7 41. Ra1 Rb4 42. Ra5+ Kd6 43. Ra6+ Rb6 44. Ra7 Ne5 45. Nxe5 Kxe5 46. Rxf7 Rf6+ 47. Rxf6 Kxf6 48. Ke2 Ke5 49. Ke3 g5 50. g3 h5 51. Kd3 d4 52. g4 h4 53. Ke2 Ke4 54. Kd2 Kf3 55. Kd3 Kg3 0-1

[Event "BCF-chT 2122 (4NCL)"]
[Site "England"]
[Date "2022.05.02"]
[Round "9.73"]
[White "Willson, Ollie"]
[Black "Mihov, Filip"]
[Result "0-1"]
[WhiteElo "2094"]
[BlackElo "2243"]
[PlyCount "50"]
[EventDate "2021.11.27"]
[EventType "team-swiss"]
[EventRounds "11"]
[EventCountry "ENG"]
[SourceTitle "EXT 2023"]
[Source "ChessBase"]
[SourceDate "2022.10.05"]
[SourceVersion "1"]
[SourceVersionDate "2022.10.05"]
[SourceQuality "1"]
[WhiteTeam "Sussex Martlets"]
[BlackTeam "Oxford"]
[WhiteTeamCountry "ENG"]
[BlackTeamCountry "ENG"]

1. d4 Nf6 2. c4 g6 3. Nc3 Bg7 4. e4 d6 5. Nf3 0-0 6. h3 e5 7. d5 Nh5 8. g3 Na6 9. Be3 f5 10. exf5 gxf5 11. Ng5 Nf6 12. Qd2 Nh5 13. Qc2 h6 14. h4 hxg5 15. hxg5 f4 16. Qd1 fxe3 17. Qxh5 exf2+ 18. Kd2 Rf5 19. Ne4 Nc5 20. Nf6+ Bxf6 21. Qh7+ Kf8 22. gxf6 Qxf6 23. Bh3 Ne4+ 24. Ke3 Ng5 25. Qxc7 Rf3+ 0-1

[Event "EU-ch 22nd"]
[Site "Terme Catez"]
[Date "2022.03.27"]
[Round "1"]
[White "Mihov, Filip"]
[Black "Van Foreest, Lucas"]
[Result "0-1"]
[WhiteElo "2255"]
[BlackElo "2572"]
[PlyCount "76"]
[EventDate "2022.03.27"]
[EventType "swiss"]
[EventRounds "11"]
[EventCountry "SLO"]
[SourceTitle "CBM 208"]
[Source "ChessBase"]
[SourceDate "2022.06.30"]
[SourceVersion "1"]
[SourceVersionDate "2022.06.30"]
[SourceQuality "1"]

1. d4 g6 2. Nf3 Bg7 3. e4 c6 4. Nc3 d5 5. h3 dxe4 6. Nxe4 Nf6 7. Nxf6+ exf6 8. Bc4 0-0 9. 0-0 Nd7 10. a4 Nb6 11. Bb3 a5 12. Bf4 Nd5 13. Bg3 Bh6 14. c4 Nb4 15. Qe1 b5 16. axb5 cxb5 17. cxb5 Bf5 18. Qd1 Rc8 19. d5 Bd3 20. Nd4 Qb6 21. Nc6 Nxc6 22. bxc6 Bxf1 23. Kxf1 Rfd8 24. Ba4 Bf8 25. c7 Rxc7 26. Bxc7 Qxc7 27. Kg1 Qe5 28. Bc6 Bd6 29. g3 Qxb2 30. Rxa5 Bxg3 31. Qf3 Bc7 32. Ra7 Qe5 33. Kg2 Bd6 34. Ra8 Rxa8 35. Bxa8 h5 36. Bc6 Qg5+ 37. Kf1 Bh2 38. Bb5 Qc1+ 0-1

[Event "BCF-chT 2122 (4NCL)"]
[Site "England"]
[Date "2022.02.12"]
[Round "3.32"]
[White "Wadsworth, Matthew J"]
[Black "Mihov, Filip"]
[Result "1/2-1/2"]
[WhiteElo "2435"]
[BlackElo "2243"]
[PlyCount "70"]
[EventDate "2021.11.27"]
[EventType "team-swiss"]
[EventRounds "11"]
[EventCountry "ENG"]
[SourceTitle "EXT 2023"]
[Source "ChessBase"]
[SourceDate "2022.10.05"]
[SourceVersion "1"]
[SourceVersionDate "2022.10.05"]
[SourceQuality "1"]
[WhiteTeam "Guildford Young Guns"]
[BlackTeam "Oxford"]
[WhiteTeamCountry "ENG"]
[BlackTeamCountry "ENG"]

1. c4 g6 2. g3 Bg7 3. Bg2 f5 4. Nf3 Nf6 5. 0-0 0-0 6. Nc3 d6 7. d3 e5 8. b4 a5 9. b5 Nbd7 10. Rb1 Nc5 11. Ba3 Ne6 12. Nd5 h6 13. Nd2 Rb8 14. b6 c6 15. Nxf6+ Rxf6 16. c5 Nxc5 17. Bxc5 dxc5 18. Qc2 Be6 19. Nc4 Rf7 20. Nxa5 Ra8 21. Nb3 c4 22. Nc5 cxd3 23. exd3 Bd5 24. Bxd5 Qxd5 25. Qc4 Rxa2 26. Qxd5 cxd5 27. Ne6 Rd7 28. Rfc1 Kf7 29. Nxg7 Kxg7 30. Rc7 Rxc7 31. bxc7 Rc2 32. Rxb7 Kf6 33. Rb6+ Kf7 34. Rb7 Ke6 35. Rb6+ Kf7 1/2-1/2

[Event "Bialystok Zamenhof Memorial 41st"]
[Site "Bialystok"]
[Date "2022.??.??"]
[Round "8"]
[White "Mihov, Filip"]
[Black "Risteski, Emil"]
[Result "1/2-1/2"]
[WhiteElo "2247"]
[BlackElo "2373"]
[PlyCount "47"]
[EventDate "2022.12.27"]
[EventType "swiss"]
[EventRounds "9"]
[EventCountry "POL"]
[SourceTitle "CBM 211 Extra"]
[Source "ChessBase"]
[SourceDate "2023.01.31"]
[SourceVersion "1"]
[SourceVersionDate "2023.01.31"]
[SourceQuality "1"]

1. e4 c5 2. Nf3 a6 3. Nc3 d6 4. d4 cxd4 5. Nxd4 Nf6 6. Be3 Ng4 7. Bc1 Nf6 8. Be3 Ng4 9. Bg5 h6 10. Bh4 g5 11. Bg3 Bg7 12. h3 Ne5 13. Nf5 Bxf5 14. exf5 Nbc6 15. Nd5 Qa5+ 16. c3 e6 17. fxe6 fxe6 18. Qh5+ Nf7 19. Qg6 Kf8 20. Nf6 Nce5 21. Nh7+ Kg8 22. Nf6+ Kf8 23. Nh7+ Kg8 24. Nf6+ 1/2-1/2

[Event "EU-chT 23rd"]
[Site "Terme Catez"]
[Date "2021.11.15"]
[Round "4.19"]
[White "Mihov, Filip"]
[Black "Kjartansson, Gudmundur"]
[Result "0-1"]
[WhiteElo "2255"]
[BlackElo "2443"]
[PlyCount "92"]
[EventDate "2021.11.12"]
[EventType "team-swiss"]
[EventRounds "9"]
[EventCountry "SLO"]
[SourceTitle "CBM 205"]
[Source "ChessBase"]
[SourceDate "2021.12.31"]
[SourceVersion "1"]
[SourceVersionDate "2021.12.31"]
[SourceQuality "1"]
[WhiteTeam "North Macedonia"]
[BlackTeam "Iceland"]
[WhiteTeamCountry "MKD"]
[BlackTeamCountry "ISL"]

1. d4 Nf6 2. c4 e6 3. Nc3 Bb4 4. e3 0-0 5. Bd3 d5 6. a3 Bxc3+ 7. bxc3 dxc4 8. Bxc4 c5 9. Nf3 Qc7 10. Ba2 b5 11. 0-0 Bb7 12. Ne5 Nbd7 13. Nxd7 Nxd7 14. Qe2 a5 15. e4 b4 16. Rd1 bxc3 17. d5 exd5 18. exd5 Nb6 19. Be3 Rfd8 20. Qh5 c4 21. Bxb6 Qxb6 22. Rab1 Qc7 23. Rd4 c2 24. Rc1 Rxd5 25. Rxd5 Bxd5 26. Rxc2 Be6 27. Qe2 Rc8 28. Rc3 Qc5 29. h3 Qd4 30. Qc2 g6 31. Qc1 Rd8 32. Kf1 Kg7 33. Qe1 h5 34. Qc1 Rc8 35. Kg1 Rc5 36. Kf1 Bf5 37. Kg1 Bd3 38. Qd2 Qe5 39. f4 Qd4+ 40. Kh2 Qe4 41. h4 Rf5 42. Kg3 Rxf4 43. Qxf4 Qe1+ 44. Kh2 Qxc3 45. Qc7 a4 46. Qc5 Qf6 0-1

[Event "Varsity Oxbridge m 139th"]
[Site "London"]
[Date "2021.10.23"]
[Round "1.2"]
[White "Kalavannan, Koby"]
[Black "Mihov, Filip"]
[Result "0-1"]
[WhiteElo "2324"]
[BlackElo "2255"]
[PlyCount "50"]
[EventDate "2021.10.23"]
[EventType "team-match"]
[EventRounds "1"]
[EventCountry "ENG"]
[SourceTitle "CBM 204 Extra"]
[Source "ChessBase"]
[SourceDate "2021.11.30"]
[SourceVersion "1"]
[SourceVersionDate "2021.11.30"]
[SourceQuality "1"]
[WhiteTeam "Cambridge"]
[BlackTeam "Oxford"]
[WhiteTeamCountry "ENG"]
[BlackTeamCountry "ENG"]

1. d4 f5 2. g3 Nf6 3. Bg2 g6 4. Nh3 Bg7 5. Nf4 d6 6. d5 c6 7. c4 e5 8. dxe6 Na6 9. h4 Qe7 10. Nc3 Bxe6 11. Nxe6 Qxe6 12. Bf4 Rd8 13. b3 Nh5 14. Bd2 0-0 15. Bf3 f4 16. Bxh5 fxg3 17. f3 g2 18. Rg1 Bd4 19. Rxg2 Qh3 20. Bg5 Qh1+ 21. Kd2 Qxg2 22. Bxd8 gxh5 23. Bg5 Rxf3 24. Ne4 Nb4 25. Qh1 Rd3+ 0-1

[Event "Belgrade Serbia op"]
[Site "Belgrade"]
[Date "2021.07.04"]
[Round "4"]
[White "Mihov, Filip"]
[Black "Martic, Ivan"]
[Result "1-0"]
[WhiteElo "2178"]
[BlackElo "2314"]
[PlyCount "65"]
[EventDate "2021.07.02"]
[EventType "swiss"]
[EventRounds "9"]
[EventCountry "SRB"]
[SourceTitle "CBM 203 Extra"]
[Source "ChessBase"]
[SourceDate "2021.09.30"]
[SourceVersion "1"]
[SourceVersionDate "2021.09.30"]
[SourceQuality "1"]

1. Nf3 g6 2. g3 Bg7 3. Bg2 e5 4. d3 d6 5. 0-0 f5 6. e4 Nf6 7. exf5 gxf5 8. Nh4 Nc6 9. f4 e4 10. dxe4 fxe4 11. f5 Ne5 12. Nc3 d5 13. Bf4 Qe7 14. Nxd5 Qc5+ 15. Ne3 Bd7 16. b4 Qe7 17. Qe2 0-0-0 18. Rfd1 Rhe8 19. Rab1 h6 20. Nc4 Bb5 21. Nb6+ axb6 22. Qxb5 Nc6 23. c3 Qf7 24. Qe2 Nd5 25. Bd2 Bxc3 26. b5 Nd4 27. Qc4 Bxd2 28. Rxd2 Nxf5 29. Bh3 e3 30. Re2 Re5 31. Nxf5 Rxf5 32. Rf1 Kb8 33. Rxf5 1-0

[Event "Paracin Winter Amateur"]
[Site "Paracin"]
[Date "2021.01.30"]
[Round "3"]
[White "Veljanoski, Andrej"]
[Black "Mihov, Filip"]
[Result "1-0"]
[WhiteElo "2007"]
[BlackElo "2199"]
[PlyCount "91"]
[EventDate "2021.01.29"]
[EventType "swiss"]
[EventRounds "9"]
[EventCountry "SRB"]
[SourceTitle "EXT 2022"]
[Source "ChessBase"]
[SourceDate "2021.10.06"]
[SourceVersion "1"]
[SourceVersionDate "2021.10.06"]
[SourceQuality "1"]

1. e4 c6 2. d4 d5 3. Nd2 dxe4 4. Nxe4 Nf6 5. Nxf6+ exf6 6. c3 Bd6 7. Bd3 0-0 8. Qc2 Re8+ 9. Ne2 h5 10. Be3 Nd7 11. 0-0-0 Nf8 12. c4 Be6 13. Nc3 Qa5 14. Kb1 b5 15. cxb5 cxb5 16. d5 Bg4 17. Rc1 b4 18. Qa4 Qd8 19. Nb5 Be5 20. Qb3 a5 21. h3 Bd7 22. Rhd1 Qb8 23. Rc5 f5 24. Bd4 Bxd4 25. Nxd4 Qf4 26. Nf3 Rec8 27. Rdc1 Qd6 28. Qc4 Ng6 29. Qd4 Kf8 30. g3 Rxc5 31. Qxc5 Qxc5 32. Rxc5 Ke7 33. Rc1 Kd6 34. Rd1 Ne5 35. Nxe5 Kxe5 36. d6 Rc8 37. f4+ Ke6 38. Bc2 a4 39. Rd4 Rb8 40. h4 Rb6 41. Kc1 g6 42. Bd3 Be8 43. Bc4+ Kd7 44. Kd2 Rxd6 45. Bb5+ Ke7 46. Rxd6 1-0

[Event "Birmingham op"]
[Site "Birmingham"]
[Date "2020.02.23"]
[Round "4"]
[White "Bathula, Abhinav Reddy"]
[Black "Mihov, Filip"]
[Result "1/2-1/2"]
[WhiteElo "1735"]
[BlackElo "2213"]
[PlyCount "66"]
[EventDate "2020.02.22"]
[EventType "team-swiss"]
[EventRounds "5"]
[EventCountry "ENG"]
[SourceTitle "CBM 195 Extra"]
[Source "ChessBase"]
[SourceDate "2020.05.31"]
[SourceVersion "1"]
[SourceVersionDate "2020.05.31"]
[SourceQuality "1"]
[WhiteTeam "LSE"]
[BlackTeam "Oxford"]
[WhiteTeamCountry "ENG"]
[BlackTeamCountry "ENG"]

1. e4 e6 2. d4 d5 3. Nd2 Nc6 4. Ngf3 Nf6 5. e5 Nd7 6. Nb3 a5 7. a4 Be7 8. Bb5 Ncb8 9. 0-0 b6 10. Qe2 Ba6 11. Bxa6 Nxa6 12. c4 dxc4 13. Nbd2 Nb4 14. Nxc4 Nb8 15. Rd1 N8c6 16. b3 h6 17. Ba3 Nd5 18. Rac1 Qd7 19. Qe4 0-0 20. Bxe7 Ncxe7 21. Ne1 Nf5 22. g4 Nh4 23. Nf3 Ng6 24. g5 h5 25. Ne3 Ndf4 26. Qc6 Qe7 27. Kf1 Rac8 28. d5 exd5 29. Nxd5 Nxd5 30. Rxd5 Qe6 31. Qd7 Rfe8 32. Qxe6 Rxe6 33. Rd6 Ree8 1/2-1/2